[Event "Mittelfranken Landesliga Nord 2223"]
[Site "Mittelfranken"]
[Date "2022.10.23"]
[Round "2.8"]
[White "Ehrl, Wolfgang"]
[Black "Stockmann, Rainer"]
[Result "0-1"]
[WhiteElo "1838"]
[BlackElo "2009"]
[PlyCount "84"]
[EventDate "2022.10.09"]
[EventType "team-tourn"]
[EventRounds "9"]
[EventCountry "GER"]
[SourceTitle "EXT 2024"]
[Source "ChessBase"]
[SourceDate "2023.10.10"]
[SourceVersion "1"]
[SourceVersionDate "2023.10.10"]
[SourceQuality "1"]
[WhiteTeam "Kareth Lappersdorf"]
[BlackTeam "Wuerzburg"]
[WhiteTeamCountry "GER"]
[BlackTeamCountry "GER"]

1. b3 d5 2. Bb2 c5 3. e3 Nc6 4. Nf3 a6 5. d4 Bg4 6. dxc5 Nf6 7. Be2 e6 8. h3 Bh5 9. Nbd2 Bxc5 10. g4 Bg6 11. Ne5 Nxe5 12. Bxe5 0-0 13. Bd3 d4 14. e4 Nd7 15. Bf4 f5 16. gxf5 exf5 17. e5 Re8 18. Bc4+ Kh8 19. Nf3 b5 20. Be2 Bb4+ 21. Kf1 Bc3 22. h4 Nc5 23. h5 Bf7 24. Ng5 Bd5 25. Rb1 Ra7 26. Rg1 h6 27. Nf3 Be4 28. Bd2 Rd7 29. b4 Bxf3 30. Bxf3 Ne4 31. Bxe4 fxe4 32. Bf4 e3 33. Rg6 Qh4 34. Qf3 Rf7 35. Bg3 Qh3+ 36. Qg2 Qxh5 37. e6 e2+ 38. Kg1 Qxg6 39. exf7 Qxf7 40. f4 Qxa2 41. Re1 Qxc2 42. Qc6 Qe4 0-1

[Event "GER-ch Net blitz qual3"]
[Site "Playchess.com INT"]
[Date "2020.03.21"]
[Round "9"]
[White "Stockmann, Rainer"]
[Black "Aring, Gerd"]
[Result "1-0"]
[WhiteElo "2187"]
[BlackElo "2219"]
[PlyCount "121"]
[EventDate "2020.03.21"]
[EventType "swiss (blitz)"]
[EventRounds "9"]
[EventCountry "GER"]
[SourceTitle "CBM 195 Extra"]
[Source "ChessBase"]
[SourceDate "2020.05.31"]
[SourceVersion "1"]
[SourceVersionDate "2020.05.31"]
[SourceQuality "1"]

1. Nc3 d5 2. e4 c6 3. f4 dxe4 4. Nxe4 Nf6 5. Nf2 e6 6. Nd3 Bd6 7. Nf3 Nbd7 8. g3 b6 9. b3 Bb7 10. Bg2 c5 11. 0-0 0-0 12. Bb2 b5 13. Nde5 Bxe5 14. fxe5 Nd5 15. Qe2 b4 16. c4 bxc3 17. dxc3 Rc8 18. c4 Nb4 19. Rfd1 Qc7 20. Rd6 Nb6 21. a3 Nc6 22. Rad1 Rcd8 23. Qe3 Nc8 24. Qxc5 Nxd6 25. exd6 Qb6 26. Qxb6 axb6 27. b4 Na7 28. c5 bxc5 29. bxc5 Nc6 30. Bc3 Ra8 31. Bb4 Rfd8 32. Nd4 Ra6 33. Nb5 Kf8 34. Nc7 Ra4 35. Rb1 e5 36. Bf1 Nxb4 37. axb4 Ra2 38. Bc4 Rc2 39. Bb5 Rg2+ 40. Kf1 Rxh2 41. Rb3 Rc2 42. Ra3 Rb2 43. Ra4 f6 44. Ke1 Kf7 45. Bc4+ Kg6 46. b5 Kg5 47. c6 Bxc6 48. Ne6+ Kg4 49. Nxd8 Bxb5 50. Bxb5+ Kxg3 51. Be2 h5 52. Ne6 h4 53. d7 Rb8 54. Rc4 h3 55. Bd3 h2 56. Be4 f5 57. Bh1 e4 58. d8Q Rc8 59. Qxc8 g6 60. Qc7+ Kg4 61. Qe5 1-0

[Event "GER-ch Net blitz qual3"]
[Site "Playchess.com INT"]
[Date "2020.03.21"]
[Round "5"]
[White "Stockmann, Rainer"]
[Black "Bennemann, Ingmar"]
[Result "0-1"]
[WhiteElo "2187"]
[BlackElo "2085"]
[PlyCount "36"]
[EventDate "2020.03.21"]
[EventType "swiss (blitz)"]
[EventRounds "9"]
[EventCountry "GER"]
[SourceTitle "CBM 195 Extra"]
[Source "ChessBase"]
[SourceDate "2020.05.31"]
[SourceVersion "1"]
[SourceVersionDate "2020.05.31"]
[SourceQuality "1"]

1. Nc3 d5 2. e4 Nf6 3. e5 Nfd7 4. Nf3 c5 5. Bb5 Nc6 6. e6 fxe6 7. Bxc6 bxc6 8. Qe2 Nf6 9. 0-0 g6 10. d4 Bg7 11. dxc5 0-0 12. Ng5 d4 13. Rd1 e5 14. f4 Bg4 15. Nf3 Nd5 16. Nxd5 Qxd5 17. Rf1 e4 18. c4 dxc3 0-1

[Event "Oberliga Bayern 1112"]
[Site "Bayern"]
[Date "2012.04.15"]
[Round "9.8"]
[White "Stockmann, Rainer"]
[Black "Keller, Manfred"]
[Result "0-1"]
[WhiteElo "2061"]
[BlackElo "2131"]
[PlyCount "46"]
[EventDate "2011.10.02"]
[EventType "team-tourn"]
[EventRounds "9"]
[EventCountry "GER"]
[SourceTitle "EXT 2015"]
[Source "ChessBase"]
[SourceDate "2014.11.20"]
[SourceVersion "1"]
[SourceVersionDate "2014.11.20"]
[SourceQuality "1"]
[WhiteTeam "Wuerzburg"]
[BlackTeam "Pang/Rosenheim"]
[WhiteTeamCountry "GER"]
[BlackTeamCountry "GER"]

1. e4 Nf6 2. Nc3 e6 3. d4 d5 4. Bg5 Bb4 5. e5 h6 6. Be3 Ne4 7. Qg4 g6 8. Bd3 Nxc3 9. a3 h5 10. Qf3 Ba5 11. Bd2 c5 12. bxc3 Nc6 13. Qf4 cxd4 14. cxd4 Bxd2+ 15. Kxd2 Qa5+ 16. c3 Bd7 17. Qf6 Rf8 18. Nf3 Rc8 19. a4 Nxd4 20. Nxd4 Qxc3+ 21. Ke3 Rc4 22. Qf4 g5 23. Qxg5 Rxd4 0-1

[Event "Regionalliga NW 0304"]
[Site "Bayern"]
[Date "2004.04.25"]
[Round "9.5"]
[White "Herdin, Hans Ulrich"]
[Black "Stockmann, Rainer"]
[Result "1/2-1/2"]
[WhiteElo "2027"]
[BlackElo "2059"]
[PlyCount "50"]
[EventDate "2003.10.12"]
[EventType "team-tourn"]
[EventRounds "9"]
[EventCountry "GER"]
[SourceTitle "EXT 2006"]
[Source "ChessBase"]
[SourceDate "2005.11.24"]
[SourceVersion "1"]
[SourceVersionDate "2005.11.24"]
[SourceQuality "1"]
[WhiteTeam "Kronach"]
[BlackTeam "Wuerzburg II"]
[WhiteTeamCountry "GER"]
[BlackTeamCountry "GER"]

1. c4 f5 2. d4 Nf6 3. Nc3 d6 4. Nf3 g6 5. g3 Bg7 6. Bg2 0-0 7. 0-0 Qe8 8. Nd5 Nxd5 9. cxd5 Nd7 10. Qc2 Nb6 11. Qxc7 Nxd5 12. Qc4 e6 13. Qb3 Kh8 14. Bd2 h6 15. Rac1 g5 16. Ne1 Bxd4 17. Bxd5 exd5 18. Nf3 Bf6 19. Bc3 f4 20. Qxd5 Bh3 21. Qxd6 Qg6 22. Rfd1 fxg3 23. hxg3 Rae8 24. Bxf6+ Qxf6 25. Qxf6+ Rxf6 1/2-1/2

[Event "Unterfranken-ch M1 55th"]
[Site "Bad Koenigshofen"]
[Date "2004.04.12"]
[Round "1"]
[White "Mikliaeva, Darja S"]
[Black "Stockmann, Rainer"]
[Result "1-0"]
[WhiteElo "2068"]
[BlackElo "2071"]
[PlyCount "55"]
[EventDate "2004.04.12"]
[EventType "swiss"]
[EventRounds "9"]
[EventCountry "GER"]
[SourceTitle "EXT 2015"]
[Source "ChessBase"]
[SourceDate "2014.11.20"]
[SourceVersion "1"]
[SourceVersionDate "2014.11.20"]
[SourceQuality "1"]

1. e4 e6 2. d4 d5 3. Nc3 Bb4 4. exd5 exd5 5. Bd3 Nc6 6. Nge2 Nge7 7. a3 Bxc3+ 8. bxc3 Bg4 9. 0-0 0-0 10. h3 Bf5 11. c4 dxc4 12. Bxc4 Na5 13. Bd3 Qd5 14. Rb1 b6 15. Rb5 Qd7 16. Ng3 Bg6 17. Bb2 f6 18. Ba1 a6 19. Rb1 b5 20. a4 Nc4 21. Ne4 Nd5 22. Qf3 c6 23. Nc5 Qd6 24. Bxc4 bxc4 25. Qe2 c3 26. Rb7 Kh8 27. Rd7 Rfe8 28. Qxe8+ 1-0

[Event "Unterfranken-ch M1 55th"]
[Site "Bad Koenigshofen"]
[Date "2004.04.12"]
[Round "2"]
[White "Stockmann, Rainer"]
[Black "Neubauer, Jaroslaus"]
[Result "1-0"]
[WhiteElo "2071"]
[BlackElo "1921"]
[PlyCount "109"]
[EventDate "2004.04.12"]
[EventType "swiss"]
[EventRounds "9"]
[EventCountry "GER"]
[SourceTitle "EXT 2015"]
[Source "ChessBase"]
[SourceDate "2014.11.20"]
[SourceVersion "1"]
[SourceVersionDate "2014.11.20"]
[SourceQuality "1"]

1. f4 d5 2. Nf3 Nf6 3. g3 c6 4. Bg2 Qc7 5. b3 Bg4 6. Ne5 h5 7. Bb2 Nbd7 8. h3 Bf5 9. Nxd7 Nxd7 10. d3 0-0-0 11. e4 dxe4 12. dxe4 Nf6 13. Qe2 Be6 14. Nd2 Ne8 15. 0-0-0 f6 16. Nc4 Bxc4 17. Rxd8+ Qxd8 18. Qxc4 Nd6 19. Qa4 Qb6 20. Bd4 c5 21. Bf2 a6 22. e5 fxe5 23. fxe5 Nb5 24. Qc4 e6 25. Rd1 Be7 26. a4 Nc7 27. Be3 Qb4 28. Qxb4 cxb4 29. Rf1 Rf8 30. Rxf8+ Bxf8 31. Kd2 Be7 32. Kd3 b5 33. a5 Kd7 34. Bb7 Nd5 35. Bd4 Bd8 36. Bxa6 Kc6 37. Bc8 Bxa5 38. Bxe6 Bc7 39. Bf7 Ne7 40. Ke4 g6 41. Be8+ Kb7 42. g4 hxg4 43. hxg4 Bb6 44. Bxb6 Kxb6 45. e6 Kc5 46. Ke5 g5 47. Kf6 Kd6 48. Bxb5 Nd5+ 49. Kxg5 Ne3 50. Bc4 Ke7 51. Kf4 Nxc2 52. Ke4 Ne1 53. g5 Ng2 54. g6 Kf6 55. e7 1-0

[Event "Regionalliga NW 0304"]
[Site "Bayern"]
[Date "2004.02.15"]
[Round "6.5"]
[White "Stockmann, Rainer"]
[Black "Zschunke, Werner"]
[Result "1-0"]
[WhiteElo "2059"]
[BlackElo "1992"]
[PlyCount "43"]
[EventDate "2003.10.12"]
[EventType "team-tourn"]
[EventRounds "9"]
[EventCountry "GER"]
[SourceTitle "EXT 2006"]
[Source "ChessBase"]
[SourceDate "2005.11.24"]
[SourceVersion "1"]
[SourceVersionDate "2005.11.24"]
[SourceQuality "1"]
[WhiteTeam "Wuerzburg II"]
[BlackTeam "Schweinfurt"]
[WhiteTeamCountry "GER"]
[BlackTeamCountry "GER"]

1. Nc3 g6 2. h4 d6 3. h5 g5 4. d4 h6 5. e4 Bg7 6. Be3 Nf6 7. f3 Nbd7 8. Qd2 e5 9. Nge2 Nb6 10. Ng3 exd4 11. Bxd4 Be6 12. 0-0-0 Qd7 13. Nd5 Bxd5 14. exd5 0-0 15. c4 Ne8 16. Re1 Bxd4 17. Qxd4 f6 18. Re6 Qh7 19. Bd3 Qg7 20. Nf5 Qh8 21. Ne7+ Kf7 22. Ng6 1-0

[Event "Schwarzach op-A 18th"]
[Site "Salzburg"]
[Date "2003.08.29"]
[Round "7.18"]
[White "Stockmann, Rainer"]
[Black "Baeuml, Ulrich"]
[Result "1-0"]
[WhiteElo "2220"]
[BlackElo "2132"]
[PlyCount "65"]
[EventDate "2003.08.23"]
[EventType "swiss"]
[EventRounds "9"]
[EventCountry "AUT"]
[SourceTitle "EXT 2004"]
[Source "ChessBase"]
[SourceDate "2003.11.25"]
[SourceVersion "1"]
[SourceVersionDate "2003.11.25"]
[SourceQuality "1"]

1. Nc3 d5 2. e4 c6 3. f4 dxe4 4. Nxe4 Nf6 5. Nf2 g6 6. Nf3 Bg7 7. Bc4 0-0 8. 0-0 b5 9. Be2 Qb6 10. a4 a5 11. Kh1 Na6 12. Ne5 Be6 13. b3 Rfd8 14. Nxc6 Qxc6 15. axb5 Qd6 16. bxa6 Qxf4 17. Rxa5 Nd5 18. Nd3 Qh6 19. Bg4 f5 20. Bf3 Ra7 21. Qe2 g5 22. g3 Bd4 23. Ne5 g4 24. Bg2 Rd6 25. c4 Nf6 26. d3 Qg7 27. Nc6 Nh5 28. Nxa7 Bxc4 29. Rfxf5 Re6 30. Be4 Kh8 31. bxc4 Bxa7 32. Rxh5 h6 33. Rhd5 1-0

[Event "Schwarzach op-A 18th"]
[Site "Salzburg"]
[Date "2003.08.24"]
[Round "2.6"]
[White "Stockmann, Rainer"]
[Black "Donchenko, Anatoly G"]
[Result "0-1"]
[WhiteElo "2220"]
[BlackElo "2401"]
[PlyCount "102"]
[EventDate "2003.08.23"]
[EventType "swiss"]
[EventRounds "9"]
[EventCountry "AUT"]
[SourceTitle "EXT 2004"]
[Source "ChessBase"]
[SourceDate "2003.11.25"]
[SourceVersion "1"]
[SourceVersionDate "2003.11.25"]
[SourceQuality "1"]

1. Nc3 d5 2. e4 dxe4 3. Nxe4 Nd7 4. Bc4 e6 5. Nf3 Ngf6 6. d3 Be7 7. 0-0 0-0 8. Qe2 a6 9. a4 h6 10. c3 Nxe4 11. dxe4 b6 12. Nd4 Ne5 13. Bf4 Bd6 14. Bb3 Bb7 15. Bg3 c5 16. Nf3 Nxf3+ 17. Qxf3 Qc7 18. Qe3 Rad8 19. e5 Be7 20. Bc4 Qc6 21. f3 Bg5 22. Bf4 Bxf4 23. Qxf4 Rd7 24. Be2 Rfd8 25. Rfd1 Rd5 26. Rxd5 Rxd5 27. Bc4 Rd7 28. Qe3 Qc7 29. b3 Qd8 30. Re1 a5 31. g3 Rd2 32. Be2 Kf8 33. Bf1 Qd5 34. c4 Qd8 35. Rc1 g5 36. Rc3 Qd4 37. h3 Kg7 38. f4 Be4 39. fxg5 hxg5 40. Qxd4 cxd4 41. Rc1 d3 42. c5 bxc5 43. Rxc5 Rc2 44. Rxa5 d2 45. Be2 Rc1+ 46. Kf2 d1Q 47. Bxd1 Rxd1 48. Ke3 Bc2 49. b4 Rd3+ 50. Ke2 Rxg3 51. Kd2 Be4 0-1

[Event "Regionalliga NW 0203"]
[Site "Bayern"]
[Date "2003.02.09"]
[Round "6.7"]
[White "Reichenbacher, Gerhard"]
[Black "Stockmann, Rainer"]
[Result "1-0"]
[WhiteElo "1759"]
[BlackElo "2049"]
[PlyCount "91"]
[EventDate "2002.10.20"]
[EventType "team-tourn"]
[EventRounds "9"]
[EventCountry "GER"]
[SourceTitle "EXT 2004"]
[Source "ChessBase"]
[SourceDate "2003.11.25"]
[SourceVersion "1"]
[SourceVersionDate "2003.11.25"]
[SourceQuality "1"]
[WhiteTeam "Coburg"]
[BlackTeam "Wuerzburg II"]
[WhiteTeamCountry "GER"]
[BlackTeamCountry "GER"]

1. e4 e5 2. Bc4 Nc6 3. Nc3 Bc5 4. Qg4 Kf8 5. Qg3 Nd4 6. Bb3 d6 7. Nge2 Nxb3 8. axb3 a6 9. d3 Ne7 10. 0-0 Kg8 11. Bg5 Qf8 12. Bxe7 Qxe7 13. Nd5 Qd8 14. b4 Ba7 15. Kh1 c6 16. Ne3 h6 17. f4 Bxe3 18. Qxe3 f6 19. fxe5 fxe5 20. d4 Qe7 21. dxe5 Qxe5 22. Nc3 Kh7 23. Rf7 Re8 24. Qd2 b5 25. Raf1 Be6 26. R7f4 a5 27. bxa5 Rxa5 28. Ne2 Ra2 29. Nd4 Bc4 30. Rd1 c5 31. Nf5 Re6 32. Rg4 g5 33. h4 Qxb2 34. hxg5 Qxc2 35. Qxc2 Rxc2 36. gxh6 Rxh6+ 37. Nxh6 Be2 38. Rxd6 Bxg4 39. Nxg4 b4 40. Rb6 Rc1+ 41. Kh2 Rc3 42. e5 Kg7 43. Rb7+ Kg8 44. e6 Rc4 45. e7 Kf7 46. Ne5+ 1-0

[Event "Roemer op 2nd"]
[Site "Rommelshausen"]
[Date "2002.06.29"]
[Round "2"]
[White "Stockmann, Rainer"]
[Black "Schmittdiel, Eckhard"]
[Result "0-1"]
[WhiteElo "2220"]
[BlackElo "2475"]
[PlyCount "96"]
[EventDate "2002.06.28"]
[EventType "swiss"]
[EventRounds "9"]
[EventCountry "GER"]
[SourceTitle "CBM 089 Extra"]
[Source "ChessBase"]
[SourceDate "2002.09.10"]
[SourceVersion "2"]
[SourceVersionDate "2002.09.10"]
[SourceQuality "1"]

1. Nc3 c5 2. Nf3 a6 3. d4 cxd4 4. Nxd4 b5 5. e4 Bb7 6. Bd3 d6 7. f4 Nd7 8. Qe2 g6 9. 0-0 Bg7 10. Nb3 b4 11. Nd1 Qc7 12. a3 bxa3 13. Rxa3 Ngf6 14. Na5 Nc5 15. Nxb7 Qxb7 16. e5 dxe5 17. fxe5 Nfd7 18. Bf4 0-0 19. Bc4 Ne6 20. Bxe6 Qb6+ 21. Kh1 Qxe6 22. Re1 Rfc8 23. Nf2 a5 24. Nd3 Nb6 25. Bg3 a4 26. Rea1 Rab8 27. b3 axb3 28. Rxb3 Nd7 29. Rab1 Ra8 30. Rb7 Bh6 31. Bf4 g5 32. Bg3 Ra2 33. Nb4 Ra3 34. Qb5 Nc5 35. Rb8 Rxb8 36. Qxb8+ Kg7 37. Nd3 Nxd3 38. cxd3 Rxd3 39. Qb2 g4 40. Qe2 Rd2 41. Qe4 Qg6 42. Qb4 Bg5 43. Re1 h5 44. Bf4 Bxf4 45. Qxf4 Re2 46. Qc1 Rxe1+ 47. Qxe1 Qd3 48. Kg1 Kg6 0-1

[Event "Schwarzach op-A"]
[Site "Schwarzach"]
[Date "1998.08.29"]
[Round "8"]
[White "Stockmann, Rainer"]
[Black "Donegani, Hans Peter"]
[Result "1-0"]
[WhiteElo "2240"]
[BlackElo "2115"]
[PlyCount "71"]
[EventDate "1998.08.30"]
[EventType "swiss"]
[EventRounds "9"]
[EventCountry "AUT"]
[SourceTitle "EXT 2000"]
[Source "ChessBase"]
[SourceDate "1999.11.16"]
[SourceVersion "1"]
[SourceVersionDate "1999.11.16"]
[SourceQuality "1"]

1. d4 Nf6 2. Nc3 d5 3. Bg5 Nbd7 4. f3 h6 5. Bh4 c5 6. e4 cxd4 7. Qxd4 e5 8. Qa4 dxe4 9. 0-0-0 Bc5 10. Nxe4 Be3+ 11. Kb1 0-0 12. Nxf6+ gxf6 13. Qe4 f5 14. Qxe3 Qxh4 15. Bb5 Qf6 16. Ne2 Nb6 17. Nc3 a6 18. Bd3 Re8 19. g4 e4 20. gxf5 Bxf5 21. fxe4 Bh7 22. Rhf1 Qe6 23. Rg1+ Kf8 24. Qc5+ Re7 25. Nd5 Na4 26. Qa3 b5 27. Nxe7 Qxe7 28. Qxe7+ Kxe7 29. Rdf1 Bg6 30. e5 Bxd3 31. cxd3 Rd8 32. b3 Nc3+ 33. Kb2 Ne2 34. Rg2 Nd4 35. Rf6 b4 36. Rf4 1-0

[Event "Landesliga Nord 9798"]
[Site "Bayern"]
[Date "1998.??.??"]
[Round "?.5"]
[White "Kammer, Thomas"]
[Black "Stockmann, Rainer"]
[Result "0-1"]
[WhiteElo "1895"]
[BlackElo "2055"]
[PlyCount "104"]
[EventDate "1997.10.19"]
[EventType "team-tourn"]
[EventRounds "9"]
[EventCountry "GER"]
[SourceTitle "EXT 2020"]
[Source "ChessBase"]
[SourceDate "2019.10.17"]
[SourceVersion "1"]
[SourceVersionDate "2019.10.17"]
[SourceQuality "1"]
[WhiteTeam "Regensburg DJK II"]
[BlackTeam "Wuerzburg II"]
[WhiteTeamCountry "GER"]
[BlackTeamCountry "GER"]

1. e4 e5 2. f4 exf4 3. Be2 Qh4+ 4. Kf1 d6 5. Nc3 Nf6 6. Nf3 Qh6 7. d4 Nc6 8. e5 Nh5 9. Nd5 Kd8 10. Kg1 Be6 11. Nc3 d5 12. Ne1 g6 13. Bf3 Ne7 14. Nd3 c6 15. Bxh5 Qxh5 16. Qxh5 gxh5 17. Nxf4 Nf5 18. Nce2 h4 19. c3 c5 20. Bd2 Rc8 21. Kf2 cxd4 22. cxd4 Rc2 23. Bc3 Bh6 24. Rhc1 Rxc1 25. Rxc1 Kd7 26. Bd2 Rc8 27. Rxc8 Kxc8 28. Bc3 Kd7 29. Kf3 Bg5 30. Nc1 a5 31. Ncd3 b6 32. b4 Kc6 33. bxa5 bxa5 34. Nxe6 fxe6 35. Bxa5 Nxd4+ 36. Kf2 Kb5 37. Bc3 Kc4 38. Bxd4 Kxd4 39. Ke2 Bd8 40. g3 hxg3 41. hxg3 Bc7 42. a4 Bxe5 43. a5 Bxg3 44. a6 Bb8 45. Nf4 Ke5 46. Nd3+ Kd6 47. Nf4 Ba7 48. Kd3 e5 49. Ne2 e4+ 50. Kd2 d4 51. Ng3 Ke5 52. Ne2 h5 0-1

[Event "Landesliga Nord 9798"]
[Site "Bayern"]
[Date "1998.??.??"]
[Round "?.5"]
[White "Stockmann, Rainer"]
[Black "Pasedag, Peter"]
[Result "1-0"]
[WhiteElo "2050"]
[BlackElo "2175"]
[PlyCount "67"]
[EventDate "1997.10.19"]
[EventType "team-tourn"]
[EventRounds "9"]
[EventCountry "GER"]
[SourceTitle "EXT 2020"]
[Source "ChessBase"]
[SourceDate "2019.10.17"]
[SourceVersion "1"]
[SourceVersionDate "2019.10.17"]
[SourceQuality "1"]
[WhiteTeam "Wuerzburg II"]
[BlackTeam "Fuerth SF"]
[WhiteTeamCountry "GER"]
[BlackTeamCountry "GER"]

1. Nc3 c5 2. Nf3 Nc6 3. d4 cxd4 4. Nxd4 g6 5. Nxc6 bxc6 6. Qd4 Nf6 7. Bg5 Bg7 8. Ne4 0-0 9. Nxf6+ exf6 10. Bf4 f5 11. Qb4 a5 12. Qa3 Qb6 13. c3 d5 14. Bd6 Re8 15. e3 Ba6 16. Bxa6 Qxa6 17. 0-0-0 Re4 18. Qb3 Rd8 19. Bc7 Rc8 20. Bd6 a4 21. Qc2 Rc4 22. Rd4 c5 23. Rxc4 Qxc4 24. Rd1 Qxa2 25. Qb1 Qb3 26. Qc2 Qb7 27. Qxa4 d4 28. exd4 cxd4 29. Rxd4 Bxd4 30. Qxd4 Qxg2 31. Qf6 Qf1+ 32. Kc2 Qe2+ 33. Kc1 Ra8 34. Ba3 1-0

[Event "Regionalliga NW 9899"]
[Site "Bayern"]
[Date "1998.??.??"]
[Round "1.4"]
[White "Stockmann, Rainer"]
[Black "Rabe, Thomas"]
[Result "1/2-1/2"]
[WhiteElo "2130"]
[BlackElo "1885"]
[PlyCount "70"]
[EventDate "1998.??.??"]
[EventType "team-tourn"]
[EventRounds "9"]
[EventCountry "GER"]
[SourceTitle "EXT 2020"]
[Source "ChessBase"]
[SourceDate "2019.10.17"]
[SourceVersion "1"]
[SourceVersionDate "2019.10.17"]
[SourceQuality "1"]
[WhiteTeam "Wuerzburg II"]
[BlackTeam "Coburg"]
[WhiteTeamCountry "GER"]
[BlackTeamCountry "GER"]

1. Nc3 c5 2. e4 Nc6 3. g3 g6 4. Bg2 Bg7 5. d3 d6 6. Be3 Nf6 7. h3 0-0 8. Qd2 Nd4 9. Nd1 e5 10. c3 Nc6 11. Bg5 Be6 12. Ne3 h6 13. Bxf6 Qxf6 14. Ng4 Bxg4 15. hxg4 Qg5 16. Qe2 Rad8 17. Nh3 Qe7 18. f4 f6 19. g5 fxg5 20. fxg5 hxg5 21. Qg4 Bf6 22. Nf2 Kg7 23. Nd1 Rh8 24. Rxh8 Kxh8 25. Ne3 Qd7 26. Qe2 Ne7 27. 0-0-0 Kg7 28. Bf3 Rh8 29. Bg4 Qe8 30. Be6 Nc8 31. Qg4 Nb6 32. Rf1 Qe7 33. Bb3 Qe8 34. Be6 Qe7 35. a4 a5 1/2-1/2

[Event "Regionalliga NW 9899"]
[Site "Bayern"]
[Date "1998.??.??"]
[Round "2.3"]
[White "Stockmann, Rainer"]
[Black "Scheidt, Karlheinz"]
[Result "0-1"]
[WhiteElo "2130"]
[BlackElo "2045"]
[PlyCount "62"]
[EventDate "1998.??.??"]
[EventType "team-tourn"]
[EventRounds "9"]
[EventCountry "GER"]
[SourceTitle "EXT 2020"]
[Source "ChessBase"]
[SourceDate "2019.10.17"]
[SourceVersion "1"]
[SourceVersionDate "2019.10.17"]
[SourceQuality "1"]
[WhiteTeam "Wuerzburg II"]
[BlackTeam "Burgsinn"]
[WhiteTeamCountry "GER"]
[BlackTeamCountry "GER"]

1. e4 g6 2. Nc3 Bg7 3. h4 h5 4. d4 c6 5. Bc4 b5 6. Bb3 b4 7. Nce2 d6 8. Be3 Nf6 9. f3 Qc7 10. Nh3 0-0 11. Nef4 e6 12. Nd3 Nbd7 13. Ng5 Re8 14. Qd2 c5 15. e5 dxe5 16. dxc5 a5 17. 0-0-0 a4 18. Bc4 b3 19. cxb3 axb3 20. Bxb3 Bb7 21. Nb4 Nxc5 22. Bxc5 Qxc5+ 23. Kb1 e4 24. Rc1 Qe5 25. Rhe1 Red8 26. Qf2 Qf5 27. Rc5 e3+ 28. Qc2 Qf4 29. Nc6 Bxc6 30. Rxc6 Qxh4 31. Nxf7 Qxe1+ 0-1

[Event "Landesliga Nord 9697"]
[Site "Bayern"]
[Date "1997.??.??"]
[Round "?"]
[White "Heimrath, Wolfgang"]
[Black "Stockmann, Rainer"]
[Result "1-0"]
[WhiteElo "2140"]
[BlackElo "2010"]
[PlyCount "79"]
[EventDate "1996.10.??"]
[EventType "team-tourn"]
[EventRounds "9"]
[EventCountry "GER"]
[SourceTitle "EXT 2020"]
[Source "ChessBase"]
[SourceDate "2019.10.17"]
[SourceVersion "1"]
[SourceVersionDate "2019.10.17"]
[SourceQuality "1"]
[WhiteTeam "Zirndorf"]
[BlackTeam "Wuerzburg II"]
[WhiteTeamCountry "GER"]
[BlackTeamCountry "GER"]

1. e4 e5 2. Nf3 Nc6 3. Bc4 Bc5 4. 0-0 Nf6 5. d4 exd4 6. e5 d5 7. exf6 dxc4 8. Re1+ Be6 9. Ng5 Qd5 10. Nc3 Qf5 11. Nce4 Bf8 12. Nxf7 Kxf7 13. Ng5+ Kg8 14. g4 Qd5 15. Nxe6 Rc8 16. fxg7 Bxg7 17. f4 h6 18. b3 Kf7 19. bxc4 Qxc4 20. f5 Bf6 21. Bf4 Nb4 22. Rc1 Nxa2 23. Ra1 Nc3 24. Qf3 a6 25. Qxb7 Ne2+ 26. Rxe2 Qxe2 27. Bxc7 Rce8 28. Qd5 Qxg4+ 29. Bg3 Re7 30. Nf4+ Kg7 31. Ng6 d3 32. Nxe7 Bxa1 33. Kf1 Qe2+ 34. Kg1 Qd1+ 35. Kg2 dxc2 36. Be5+ Bxe5 37. Qxe5+ Kf7 38. Qe6+ Kf8 39. Ng6+ Kg7 40. Qe7+ 1-0